00425nam a2200121Ia 4500008004000000020001800040082001700058100002000075245010000095260006000195300001000255650003800265210210b2001 xxu||||| |||| 00| 0 eng d a0 67 004903 4 a070.433 PRAI aPRATAP (Anita). aIsland of blood: frontline reports from Sri Lanka, Afghanistan & other South Asian flashpoints. aNew Delhi.bViking, Penguin Books India (P) Ltd.,c2001 ax,276 aSri Lanka, Afghanistan, Ayodhya